00291nam a2200109Ia 4500008004100000245007300041260002000114260000900134300000900143500001600152650001300168170224s9999 xx 000 0 und d aInnovative nursing care models and culture of health: Early evidence bNursing Outlook c2016 a64:4 aJuly-August xNursing.